Statistics for Iphone quiz

Click here to take the quiz!

General Stats

  • This quiz has been taken 131 times
  • The average score is 6 of 7

Answer Stats

Answer% Correct
Iphone 6
96%
Iphone 4
94%
Iphone 7
91%
Iphone 5
90%
Iphone 8
89%
Iphone X
89%
Iphone 3
88%

Score Distribution

Percentile by Number Answered

Percent of People with Each Score

Your Score History

You have not taken this quiz